000 00512nam a2200193Ia 4500
005 20250326141739.0
008 250326s9999 xx 000 0 und d
020 _a92-2-106712-2
037 _aTextbook
040 _aFMSL
_beng
_cFMSL
041 _aeng
_2eng
084 _aX:9.4 M7
_qFMSL
100 _aAmjad R
245 0 _aHuman resource planning: Asian exp.
_cAmjad R
260 _aNew Delhi
_bNew Delhi, ILO
_c1987
300 _a332p
942 _cTB
_hX:9.4 M7
999 _c1291778
_d1291778